LIBRARY ONLINE CATALOGUE

Data management : (Record no. 2679)

MARC details
000 -LEADER
fixed length control field 00805nam a22002412 4500
001 - CONTROL NUMBER
control field 0000004433
005 - DATE AND TIME OF LATEST TRANSACTION
control field 20151217145808.0
008 - FIXED-LENGTH DATA ELEMENTS--GENERAL INFORMATION
fixed length control field 070523s xx 000 0 eng d
020 ## - INTERNATIONAL STANDARD BOOK NUMBER
International Standard Book Number 0471305340 :
040 ## - CATALOGING SOURCE
Original cataloging agency KABU
Transcribing agency KABU
050 #0 - LIBRARY OF CONGRESS CALL NUMBER
Classification number QA76.9
Item number .D3W37 1996
100 1# - MAIN ENTRY--PERSONAL NAME
Personal name Watson, Richard T.
-- 0000154995
245 10 - TITLE STATEMENT
Title Data management :
Remainder of title an organizational perspective /
Statement of responsibility, etc. Richard T. Watson.
260 ## - PUBLICATION, DISTRIBUTION, ETC. (IMPRINT)
Place of publication, distribution, etc. New York :
Name of publisher, distributor, etc. John Wiley & Sons,
Date of publication, distribution, etc. c1996.
300 ## - PHYSICAL DESCRIPTION
Extent xx, 568 p.
650 #0 - SUBJECT ADDED ENTRY--TOPICAL TERM
Topical term or geographic name as entry element Database management.
-- 0000148184
650 #0 - SUBJECT ADDED ENTRY--TOPICAL TERM
Topical term or geographic name as entry element Management information systems.
-- 0000148209
908 ## - PUT COMMAND PARAMETER (RLIN)
Put command parameter 070523
950 ## - LOCAL HOLDINGS (RLIN)
-- 1
Holdings
Withdrawn status Lost status Source of classification or shelving scheme Not for loan Home library Current library Date acquired Total Checkouts Full call number Barcode Date last seen Date last checked out Price effective from Koha item type
    Library of Congress Classification   Kabarak, Main Campus Kabarak, Main Campus 17/12/2015 2 QA76.9 .D3W371996 008154 16/03/2020 15/03/2020 17/12/2015 General Collection
    Library of Congress Classification   Kabarak, Main Campus Kabarak, Main Campus 17/12/2015 1 QA76.9 .D3W371996 008155 30/03/2023 13/02/2023 17/12/2015 General Collection
    Library of Congress Classification   Kabarak, Main Campus Kabarak, Main Campus 17/12/2015 1 QA76.9 .D3W371996 008156 09/10/2025 24/09/2025 17/12/2015 General Collection